000 00611nam a2200193 a 4500
001 000005584
005 20200929151722.0
008 090820s1991 sp a 001 spa d
020 _a8400071409
040 _aDO-SdBNP
082 _axxx
_bA553c
100 1 _aAndrade, Carmen
_915771
245 1 0 _aCorrosión y protección metálicas / :
_bcoordinadores; Carmen Andrade, Sebastián Feliu.
260 _aMadrid, :
_bConsejo Superior de Investigaciones Científicas,
_c1991.
300 _a237 p. :
_bil ;
_c24 cm.
490 1 _aNuevas tendencias
500 _aIncluye referencias bibliográficas
049 _aBNPD
999 _c5383
_d5383